| 000 | 00700nam a22002657a 4500 | ||
|---|---|---|---|
| 003 | DO-SdBNP | ||
| 005 | 20221101115308.0 | ||
| 007 | ta | ||
| 008 | 100322s2020 dr ac 000 0 spa dd | ||
| 020 | _a9789945603767 | ||
| 040 |
_aDO-SdBNP _bspa _cBNPHU |
||
| 082 | 4 |
_axxx _bI438 _222 |
|
| 110 | 1 | _929137 | |
| 245 | 1 | 0 |
_aInforme de sistematización : _bestrategia de formación continua centrada en la escuela regional 10, Santo Domingo II |
| 260 |
_aSanto Domingo : _bPCMM, _c2020. |
||
| 300 |
_a347 p. : _bil., ; _c29 cm. |
||
| 505 | 0 | _t | |
| 590 | _aInventariado, 2022/DG | ||
| 650 | _977100 | ||
| 650 | 4 | _910500 | |
| 700 | 1 | _978177 | |
| 700 | 1 | _9206 | |
| 910 | _aDG | ||
| 942 |
_2ddc _cLBS1 |
||
| 999 |
_c52707 _d52707 |
||